000 00533nam a2200169 i 4500
001 58287
003 ES-MaACL
005 20230906163752.0
007 t|
008 031021s1914 sp ||||1| spa d
100 1 _aDurán Campos, Félix.
_946208
245 1 0 _aEstudio del ozena y en particular de su tratamiento
_b: memoria para el doctorado /
_cFélix Durán Campos.
260 _aCáceres :
_b[s.n.],
_c1914 (
_fTip. de Serafín Roda)
300 _a52 p. ;
_c21 cm.
502 _aTesis doctoral.
852 _aES-MaACL
_jT-1447-F-9
999 _c58287
_d58287